Can the World be Changed.? (Record no. 534334)
[ view plain ]
| 000 -LEADER | |
|---|---|
| fixed length control field | 00269nam a22001217a 4500 |
| 040 ## - CATALOGING SOURCE | |
| Transcribing agency | MSOHAIL |
| 082 ## - DEWEY DECIMAL CLASSIFICATION NUMBER | |
| Classification number | 140 |
| 100 ## - MAIN ENTRY--PERSONAL NAME | |
| Personal name | Ismat Aziz |
| 9 (RLIN) | 28475 |
| 245 ## - TITLE STATEMENT | |
| Title | Can the World be Changed.? |
| 260 ## - PUBLICATION, DISTRIBUTION, ETC. | |
| Place of publication, distribution, etc. | Islamabad |
| Name of publisher, distributor, etc. | Pan graphic |
| Date of publication, distribution, etc. | c2010 |
| 300 ## - PHYSICAL DESCRIPTION | |
| Extent | 64;p |
| 942 ## - ADDED ENTRY ELEMENTS (KOHA) | |
| Source of classification or shelving scheme | |
| Koha item type | Book |
| Withdrawn status | Lost status | Source of classification or shelving scheme | Damaged status | Not for loan | Permanent Location | Current Location | Date acquired | Total Checkouts | Full call number | Barcode | Date last seen | Price effective from | Koha item type |
|---|---|---|---|---|---|---|---|---|---|---|---|---|---|
| School of Civil and Environmental Engineering (SCEE) | School of Civil and Environmental Engineering (SCEE) | 02/14/2020 | 140 | NIT-9782 | 02/14/2020 | 02/14/2020 | Book |
